000
00244 a2200097 4500
001
32830
100
_a
Bredensteiner,E.J
245
_a
Differential Equations ; Schaum's easy Outlines
260
_a
NY
_b
McGraw-Hill
_c
2003
090
_c
22002
_d
22002
942
_a
NUST-CAE
_c
M
_c
13340
999
_c
267903
_d
267903